| 000 | nam a22 7a 4500 | ||
|---|---|---|---|
| 999 |
_c28180 _d28180 |
||
| 008 | 170221b xxu||||| |||| 00| 0 eng d | ||
| 020 | _a0321335953 | ||
| 050 | _aQA 43 .O35 2007 | ||
| 100 | _aOdion, Charles | ||
| 245 | _aStudent's solutions manual / | ||
| 260 |
_aBoston, MA : _bAddison Wesley, _c2007. |
||
| 300 |
_a569p. ; _c28 cm. |
||
| 650 | _aMathematics. | ||
| 700 | _aBall, James J. | ||
| 942 |
_2lcc _cBOOKS _hQA 43 .O35 2007 |
||